Effizienz betrieblicher Weiterbildung Betriebliche Weiterbildung als einzelwirtschaftliches Entscheid problem

Na minha lista:
Detalhes bibliográficos
Autor principal: Diederich, Andreas
Formato: Livro
Idioma:alemão
Publicado em: Köln Bachem 1988
Edição:1. Aufl.
Tags: Adicionar Tag
Sem tags, seja o primeiro a adicionar uma tag!

MARC

LEADER 00000nam a2200000 4500
001 c034949
005 20221219110856.9
041 0 |a ger 
044 |a DE 
245 1 0 |a Effizienz betrieblicher Weiterbildung  |b Betriebliche Weiterbildung als einzelwirtschaftliches Entscheid problem  |c Andreas Diederich 
250 |a 1. Aufl. 
264 1 |a Köln  |b Bachem  |c 1988 
300 |a 230 s. 
100 1 |a Diederich, Andreas